00271nam a2200109Ia 4500008004100000082001600041100002200057245003200079250000900111260003200120300000900152150731s2015 xx 000 0 und d a611bG 15 D aDRAKE, RICHARD L. aGRAY'S ANATOMY FOR STUDENTS a3 RD bELSEVIER- INDIA DELHIc2015 a1161